000 01913nam a2200565 i 4500
001 53264
003 KOSZ 005
005 20240405063202.0
008 071113s2007 pl a f f |000 0 pol
015 _aUWD 2008/6713
020 _a9788360089491
035 _a991038162229705066
035 _a(PL-WaBN)b20221988-48omnis_nlop
035 _ab20221988
035 _a(OCoLC)749399253
035 _azz2007900377
035 _a(PL)b0000002022198
035 _a(EXLNZ-48OMNIS_NETWORK)9910237322105606
040 _aWA N
_cWA N
_dWA N
_dKOSZ 005/HR
046 _k2007
080 _a336.1(438)"1989/..."
080 _a352/353(438)"1989/..."
080 _a336.714(438)"1989/..."
080 _a332.1(438)"1989/..."
100 1 _aKorenik, Dorota
_d(1966- )
_eAutor
245 1 0 _aStosunki samorządowo-bankowe a rozwój społeczno-ekonomiczny w przestrzeni /
_cDorota Korenik, Stanisław Korenik.
260 _aWarszawa :
_bCeDeWu,
_c2007.
300 _a193 s. :
_bil. ;
_c24 cm.
336 _aTekst
_btxt
_2rdacontent
337 _aBez urządzenia pośredniczącego
_bn
_2rdamedia
338 _aWolumin
_bnc
_2rdacarrier
380 _aKsiążki
388 _a2001-
504 _aBibliogr. s. 185-193.
648 7 _a1901-2000
_2DBN
648 7 _a1989-2000
_2DBN
648 7 _a2001-
_2DBN
650 7 _aBudżety terenowe
_2DBN
650 7 _aGospodarka regionalna
_2DBN
650 7 _aBanki
_2DBN
650 7 _aSamorząd terytorialny
_2DBN
651 7 _aPolska
_2DBN
658 _aGospodarka, ekonomia, finanse
658 _aPolityka, politologia, administracja publiczna
700 1 _aKorenik, Stanisław
_d(1960- )
_eAutor
710 2 _aCeDeWu
_4pbl
856 _uhttp://koha.tu.koszalin.pl/cgi-bin/koha/opac-detail.pl?biblionumber=53264
_yKatalog online BPK
942 _2UKD
_cKS
999 _c53264
_d53264